00601cam a22001697a 4500008004000000020001500040082001500055245010200070260002700172300001000199650003400209650001600243650004600259700002100305999001900326952008600345180718b2007 xxu||||| |||| 00| 0 eng d a8189915878 aT39x54 P17 aIntellectual property rights in India: general issues and implicationscedited by Prankrishna Pal aNew DelhibRegalc2007 a328p. aForeign --Law and legislation aInvestments aIntellectual property (International law) aPal, Prankrishna c407329d407329 00104070aIIPAbIIPAd2008-01-30oT39x54 P17p82327r2018-07-21w2018-07-21yBK